Francis Carco

Сохранить в:
Библиографические подробности
Главный автор: Chabaneix, Philippe (Автор)
Формат:
Язык:французский
Опубликовано: París Pierre Seghers 1965
Серии:Poetes d'aujourd' hui, 13
Предметы:
Метки: Добавить метку
Нет меток, Требуется 1-ая метка записи!

MARC

LEADER 00000nam a2200000 a 4500
001 UCY4089
003 CL-VaPUC
008 950227e19650000FR |||||||||||||||||fre|d
082 0 4 |a 841.09  |b CHA  |2 21 
100 0 |a Chabaneix, Philippe  |e author  |9 332503 
245 1 0 |a Francis Carco 
300 |a 195 p 
942 |c BK 
945 |d 19950227 00:00:00  |a mfernand 
260 |a París  |b Pierre Seghers  |c 1965 
600 0 7 |a CARCO, FRANCIS  |2 CL-VaPUC  |9 332504 
650 0 |a Crítica e interpretación   |9 255042 
583 |a last modification  |c 19950227 00:00:00  |k Rodrigo Vera 
490 0 |a Poetes d'aujourd' hui, 13 
999 |c 232056  |d 232054 
952 |0 0  |1 0  |4 0  |6 841_090000000000000_CHA_1965  |7 0  |8 P  |9 236070  |a BIBART  |b BIBART  |d 2019-11-15  |i 3060632  |o 841.09 CHA 1965  |p 3060632  |r 2025-03-13  |w 2019-11-15  |y BK  |k ART 
952 |0 0  |1 0  |4 0  |6 841_090000000000000_CHA_1965  |7 0  |8 P  |9 236071  |a BIBART  |b BIBART  |d 2019-11-15  |i 3060640  |o 841.09 CHA 1965  |p 3060640  |r 2025-03-13  |w 2019-11-15  |y BK  |k ART